00360nam a2200121Ia 4500008004100000245009900041260001700140260000900157300000800166650002300174650001200197856002900209170516s9999 xx 000 0 und d aSyntheses and Photodynamic Activity of Pegylated Cationic Zn(II)-Phthalocyanines in HEp2 Cells bTheranostics c2012 a2:9 xMedical Technology xMedtech uhttp://www.thno.org/v2i9